Littérature commençant par la lettre B - Statistiques

Statistiques générales
  • Ce quiz a été pris 4 129 fois
  • Le résultat moyen est 11 sur 20
Statistiques - réponses
Indices Réponses % Correct
Bande-Dessinée mettant en scène un jeune garçon roux et son cocker, roux lui aussi Boule et Bill
95%
Poète à l'origine du spleen Charles Baudelaire
94%
Romancier français, il a écrit un livre contant d'interplanétaires singeries Pierre Boulle
94%
Livre le plus vendu et lu au monde La Bible
89%
Romancier à l'origine de la Comédie Humaine Honoré de Balzac
77%
Bien qu'ayant des divergences d'opinions avec celui-ci, il travaille souvent avec Superman Batman
76%
Personnage central du roman Le Hobbit Bilbon Sacquet
74%
Prénom de la sorcière qui porte le nom de Lestrange dans la saga Harry Potter Bellatrix Lestrange
68%
Rue dans laquelle vie un célèbre détective londonien fictif qui fume la pipe Baker Street
60%
Célèbre roman réaliste de Guy de Maupassant Bel-Ami
58%
Créateur de Figaro Pierre-Augustin Caron de Beaumarchais
51%
Auteurs de nombreux best-sellers, il est notamment connu pour son roman Da Vinci Code Dan Brown
41%
Saint-Bernard de Donald Duck, il porte le même nom que "El Libertador" de l'Amérique Latine Bolivar
37%
On en entendra parler jusqu'à La nuit des temps René Barjavel
35%
Poète qui aimait "plus que l'air marin la douceur angevine" Joachim du Bellay
30%
Un des poètes anglais les plus célèbres, il est notamment mentionné dans La peau de chagrin à plusieurs reprises Lord Byron
27%
Véritable identité de Stendhal Henri Beyle
26%
Much Ado About Nothing en version originale Beaucoup de bruit pour rien
25%
Vent du Nord dans la mythologie grecque Borée
21%
Écrivain français notamment connu pour le roman Un avion sans elle Michel Bussi
15%
Aucun quiz correspondant
Distribution des résultats
% des personnes avec chaque résultat
Percentile par nombre de réponses
Votre historique - résultats
Vous n’avez pas pris ce quiz